Flash Multiple Choice Quiz - Statistics

General Stats
  • This quiz has been taken 109 times
  • The average score is 15 of 20
Answer Stats
Question Answer % Correct
What is the name of the Speed Force scientist villain often called Barry’s greatest enemy? Reverse-Flash
98%
What is the name of the Flash’s wife in most storylines? Iris West
97%
What is the real name of the most famous Flash? Barry Allen
95%
Which villain is a talking telepathic gorilla? Grodd
95%
What is Captain Cold’s real name? Leonard Snart
95%
What power does the Flash NOT have? Telekinesis
95%
What villain killed Barry Allen’s mother in most storylines? Reverse-Flash
93%
What police job does Barry Allen have? Forensic scientist
91%
What city does the Flash protect? Central City
89%
In the CW Flash series, who plays Barry Allen? Grant Gustin
88%
Who is the Flash’s sidekick who later became Kid Flash? Wally West
88%
What team did Barry Allen help co-found? Justice League
84%
What storyline rebooted the DC Universe when Barry changed history? Flashpoint
76%
In the DCEU, who plays Barry Allen? Ezra Miller
75%
Which Flash took over after Barry Allen’s death? Wally West
75%
In Flashpoint, which hero becomes Batman instead of Bruce Wayne? Thomas Wayne
59%
What phrase does the Flash often use to describe his identity? Both A and B
56%
Which Flash villain is actually a scientist from the 25th century? Reverse-Flash
55%
What is Wally West’s relationship to Barry Allen? Nephew
23%
In Justice League (Snyder Cut), what does Barry say before reversing time? Both A and B
19%
No matching quizzes found
Score Distribution
Percent of People with Each Score
Percentile by Number Answered
Your Score History
You have not taken this quiz